00413pab a2200133 454500008004000000100002400040245007400064260000900138300001400147362001200161650004800173650003100221773002700252180718b2009 xxu||||| |||| 00| 0 eng d aMishra, Niharranjan aTraditional system of water management: a case study in tribal Orissa c2009 ap.225-39. aApr-Jun aWater resources management - India - Orissa aWater resources management aEastern Anthropologist